| 000 | 00496cam a2200193ua 4500 | ||
|---|---|---|---|
| 001 | 9774 | ||
| 008 | 160826n ii |||gr||||Z||||||eng | ||
| 020 | _a9789385152146 | ||
| 040 | _cMAIN | ||
| 041 | _aeng | ||
| 082 | _a823.954 | ||
| 100 |
_aAnish, _eAuthor. |
||
| 245 |
_aScion of Ikshvaku : _bbook 1 of the Ram Chandra series / _cBy Anish . |
||
| 260 |
_aChennai: _bWestland ltd., _c2015. |
||
| 300 | _a354p. | ||
| 653 | _aEnglish fiction | ||
| 653 | _aIndian novel in English | ||
| 942 | _cBK | ||
| 999 |
_c8784 _d8784 |
||